[Event "WchT 5th"]
[Site "Yerevan"]
[Date "2001.10.19"]
[Round "8.4"]
[White "Acs, Peter"]
[Black "Bogdanovski, Vlatko"]
[Result "1/2-1/2"]
[WhiteElo "2530"]
[BlackElo "2430"]
[Annotator "Roiz,M"]
[PlyCount "138"]
[EventDate "2001.10.12"]
[EventType "team-tourn"]
[EventRounds "9"]
[EventCountry "ARM"]
[SourceTitle "CBM 086"]
[Source "ChessBase"]
[SourceDate "2002.02.05"]
[SourceVersion "1"]
[SourceVersionDate "2002.02.05"]
[SourceQuality "1"]
[WhiteTeam "Hungary"]
[BlackTeam "Macedonia"]
[WhiteTeamCountry "HUN"]
[BlackTeamCountry "MKD"]

1. e4 d6 2. d4 g6 3. Nc3 Bg7 4. f4 Nf6 5. Nf3 O-O 6. Bd3 Na6 7. O-O c5 8. d5
Bg4 {[%cal Ga6b4] This move is more popular nowdays than the well-known} (8...
Rb8) 9. Bc4 {[%cal Ge4e5] Seems to be most logical.} (9. h3 Bxf3 10. Rxf3 (10.
Qxf3 $5 Nb4 11. a3 Nxd3 12. Qxd3 {Van Riemsdijk-Anand,Amsterdam 90}) 10... Nc7
11. a4 a6 12. Qe2 b6 13. Bd2 Qc8 14. Raf1 Qb7 15. Bc4 Nd7 $132 {
Kalka-Ponomariov,99}) (9. Qe1 {[%cal Ge1h4]} Bxf3 10. Rxf3 Nb4 11. Qe2 $6 (11.
Qh4) 11... Nxd3 12. cxd3 Qb6 13. Kh1 Rac8 14. Be3 Nd7 15. Rh3 Qb4 $36 {[%cal
Gc5c4] and black is better. Saltaev-Ponomariov, Hastings 98}) (9. Kh1 Nd7 $1
10. h3 Bxf3 11. Qxf3 Rc8 {[%cal Rc5c4,Ra6c5]} 12. Qe2 Qa5 {And black hasn't
any problems. Almasi,Zoltan-Svidler,Tilburg Fontys 1996}) (9. a3 Nd7 10. h3
Bxf3 11. Qxf3 Rc8 12. Be3 Qa5 13. Qf2 c4 14. Be2 Nac5 15. Bf3 Na4 16. Nxa4 Qxa4
17. c3 Nc5 {And black's counterplay on the queen-side is enouth for equality.
Polgar,J-Svidler, Tilburg Fontys 1996}) 9... Nc7 10. h3 Bxf3 11. Qxf3 a6 (11...
e6 $5 {Is standard in this variation,but in this position it's already dubious
in view of:} 12. dxe6 fxe6 13. Be3 {[%cal Ge4e5]} (13. Rd1 $6 {not so clear:}
Qe7 14. f5 gxf5 $1 15. exf5 d5 16. Bf1 Nfe8 $13 {[%cal Gf8f5]}) 13... b6 14.
Rad1 {[%cal Ge4e5]} Qe7 15. Rfe1 Kh8 16. g4 {with clear advantage for white
due to big space advantage and pair of bishops. Wedberg,T-Azmaiparashvili,Z/
Reykjavik op 1990}) ({But} 11... Nd7 {seems to be interesting alternative. For
example:} 12. Re1 a6 {[%cal Gb7b5]} 13. a4 Rb8 {[%cal Gb7b5]} 14. a5 b5 15.
axb6 Rxb6 16. Qd3 Qb8 {[%cal Gc7b5] and black's chanses should not be
underestimated.}) 12. a4 b6 {The idea is to avoid a4-a5 pushing. It looks
slighty slowly, but actually it's the only way to fight for equality.} (12...
Nd7 $6 {This move was tried several times by Vlatko Bogdanovski, but didn't
bring him success} 13. Qd3 (13. Qe2 $5 $146 Kh8 {[%cal Gf7f5]} (13... f5 $2 14.
e5) 14. Rd1 Rb8 (14... f5 $5 15. Bd2 {[%cal Ya1b1,Yb2b4]} fxe4 16. Nxe4 $14 {
[%csl Re6,Rf7][%cal Gd2c3,Ge4g5]}) 15. a5 b5 16. axb6 Rxb6 17. Ra2 $16 {
[%csl Ra6][%cal Gc4a6] Forster,R-Hodgson,J/Horgen-B 1995}) 13... Nb6 (13... Rb8
14. Be3 Nb6 15. b3 $1 {[%csl Gc4]} Qd7 16. a5 Nxc4 17. bxc4 {[%csl Rb7][%cal
Ga1b1,Gb1b7]} b5 18. axb6 Rxb6 19. e5 $16 {[%csl Gd5,Ge5,Rg7] And black is in
trouble due to the strong center. Yegiazarian-Bogdanovski,Ohrid 2001}) 14. Ba2
Nd7 (14... Qd7 15. a5 Nc8 16. Bd2 b5 17. axb6 Nxb6 18. Rae1 Nb5 19. Nd1 $1 $16
{[%csl Rb5,Rb6][%cal Gc2c3] Dolmatov-Chernin/Minsk ch-SU/1987}) 15. Bb3 Rb8 16.
a5 b5 17. axb6 Nxb6 18. Na4 $1 {[%cal Ga4b6] Right! after this exchange white
can play c2-c3.} Nxa4 19. Rxa4 Qd7 20. Ra2 $1 {[%cal Gb3c4,Gc2c3]} Rb4 $6 {
This move is just loss of time, but it's clear that white has advantage.} 21.
Bc4 e6 22. dxe6 fxe6 23. c3 $16 {[%csl Ra6,Gc1,Gc4,Rd6,Re6] Golod,
V-Bogdanovski,V/Ohrid MKD 2001}) (12... Rb8 {This move also cannot promise
equality for black} 13. a5 b5 14. axb6 Rxb6 15. Ra2 $1 $16 {[%csl Ra6,Gc1,Gc4,
Gd5,Ge4,Gf4][%cal Ge4e5]}) 13. Qd3 $1 {[%csl Rb5][%cal Ge4e5,Gc4b5,Gd3b5] This
is the best place for queen.} Qb8 {[%cal Gb8b7,Gf8b8,Gb6b5]} 14. Be3 (14. e5 $6
{is dubious because of} Nd7 $1 (14... b5 $6 15. axb5 axb5 16. Rxa8 Qxa8 17.
Nxb5 Nfxd5 18. exd6 exd6 19. Nxc7 Nxc7 20. Qxd6 $16) 15. e6 fxe6 16. dxe6 Nf6 {
[%cal Gb8b7,Ga8d8] And black's center promise good chanses.}) 14... Qb7 15.
Rab1 $1 {seems to be most logical plan in this position.} e6 16. b4 {[%csl Rb7]
[%cal Gb1b7]} (16. dxe6 $6 fxe6 17. Qxd6 $140 $2 Rad8 18. Qe5 Nfd5 $1 $19 {
[%csl Re5]}) 16... exd5 17. exd5 cxb4 $8 18. Rxb4 b5 (18... Nd7 $2 19. Ne4 {
[%csl Rd6][%cal Ge4d6]}) 19. axb5 axb5 20. Bb3 $14 {[%csl Rb5,Rc7] This
position is better for white due to the weakness on b5 and passive position of
the black knights.} (20. Nxb5 $2 Ncxd5 21. Bxd5 Nxd5 22. Rb3 Nxe3 23. Qxe3 d5
$15 {[%csl Gg7]}) 20... Ra5 {[%csl Rb5][%cal Ga5b5]} 21. f5 $36 {[%cal Gf1f6]}
(21. Bd4 $5 {[%csl Gd4]} Nfxd5 $140 22. Nxd5 Nxd5 23. Qf3 Nxb4 24. Qxb7 Bxd4+
25. Kh1 $16 {[%cal Gf4f5]}) 21... Qa6 22. Rbf4 $1 $146 {[%mdl 8] it's hard to
believe in that-but only this move is new! This game shows that variation is
very hard for black if white plays correctly.} (22. fxg6 hxg6 23. Ne4 Ra1 $1
24. Nxf6+ Bxf6 25. Rbf4 $6 (25. Kh2 $1 {[%csl Rb5,Rd6][%cal Ge3f4]} Be5+ 26.
Bf4 $16) 25... Be5 26. R4f3 Rxf1+ 27. Rxf1 Ne8 28. Bd4 {White is quite better,
but probably it's not enouth: draw. Grischuk,Alexander-Ponomariov,Ruslan/
Lausanne Young Masters 2000}) 22... Ra1 23. Bd4 {[%csl Rf6][%cal Gd4f6,Gf5g6]}
(23. Rxa1 Qxa1+ 24. Rf1 Qa5 25. Bd4 $6 b4 26. Ne2 Nfxd5 $1 27. f6 Bh6 28. Ra1
Be3+ $1 29. Kh1 Qb5 30. Bc4 Qe8 $1 {And black is O.K}) 23... b4 24. Rxa1 (24.
Bc4 Qa8 25. Rxa1 Qxa1+ 26. Rf1 Qa3 $1 {[%cal Ga3d3] And after exchange of
queens there is no advantage for white.}) 24... Qxa1+ 25. Nd1 Qc1 {[%csl Gc1,
Rd1]} 26. Rf1 (26. Be3 {seems to be quite better.} Qa3 (26... Qa1 27. Rxb4 Re8
{with some compensation for the pawn, probably it;s not enouth.})) 26... Qg5
27. Bb6 $1 {[%csl Rc7] Right! there is no good place for the knight.} (27. Ne3
Nh5 $1 {and black is O.K}) 27... Nce8 28. Bd8 $1 {[%cal Gd8e7] Very strong!
This e7-square is just ideal for the bishop.} Kh8 $8 29. Be7 Rg8 30. Kh1 $6 {
Too slowly!} (30. Ba4 $1 {seems to me very strong.} Nc7 31. Bc6 {[%csl Gc6,Ge7]
with full domination.}) 30... Qh6 $2 {I cannot understand this move.} ({
This was the only way to keep the position:} 30... Bf8) 31. Ne3 Bf8 {Now it's
too late!} 32. fxg6 $1 {[%cal Gf1f6,Ge7f6]} Bxe7 (32... Rxg6 33. Bd8 $1 $18 {
[%csl Re8,Rf6][%cal Gb3a4,Ga4e8,Ge3f5,Gf1f6]}) 33. gxf7 Rg3 34. fxe8=Q+ Nxe8
$18 {[%mdl 16]} 35. Nf5 Rxd3 36. Nxh6 Re3 37. Nf5 Re5 38. Nxe7 Rxe7 39. Rf4 Kg7
40. Rxb4 Kf6 41. Kg1 Ke5 42. Ra4 Nf6 43. Rh4 h5 44. Kf2 Rg7 45. Kf3 Rc7 46. Rc4
Rf7 47. Rf4 Rc7 48. Rh4 Rc3+ 49. Ke2 Rg3 50. Kf2 Rc3 51. Rc4 Ne4+ 52. Kg1 Re3
53. Rc7 Kf4 54. Rf7+ Kg3 55. Bc4 Re1+ 56. Bf1 Nd2 57. Rf2 Rd1 58. c4 Kh4 59.
Rf4+ Kg3 60. Rf6 Kh4 61. Rf5 Kg3 62. c5 dxc5 63. d6 Nxf1 64. Rxf1 Rxd6 65. Rf3+
Kh4 66. Rf5 c4 67. Kh2 Rd2 68. Rf4+ Kg5 69. Rxc4 h4 1/2-1/2

[Event "Lvov Cup of Galychina"]
[Site "Lvov"]
[Date "2001.12.25"]
[Round "8"]
[White "Jonkman, Harmen"]
[Black "Volokitin, Andrei"]
[Result "1/2-1/2"]
[WhiteElo "2491"]
[BlackElo "2566"]
[Annotator "Roiz,M"]
[PlyCount "58"]
[EventDate "2001.12.18"]
[EventType "tourn"]
[EventRounds "11"]
[EventCountry "UKR"]
[EventCategory "11"]
[SourceTitle "CBM 087"]
[Source "ChessBase"]
[SourceDate "2002.03.21"]
[SourceVersion "1"]
[SourceVersionDate "2002.03.21"]
[SourceQuality "1"]

1. e4 d6 2. d4 Nf6 3. Nc3 g6 4. f4 Bg7 5. Nf3 O-O 6. Bd3 Nc6 7. O-O e5 (7...
Bg4 {Is anonther line.}) 8. fxe5 dxe5 9. d5 Nd4 {The main.} ({Other options
here:} 9... Nb4 10. Bc4 Ne8 {[%cal Ge8d6]} 11. Bg5 f6 12. Be3 Nd6 13. Bb3 a5
14. a4 Kh8 15. Qd2 b6 16. Rae1 Ba6 17. Rf2 $14 {[%cal Ge3h6] Balashov,Y-Timman,
J/Moscow 1981}) (9... Ne7 10. Nxe5 (10. Qe1 $5 c6 $140 11. Bg5 $1 $36 {[%cal
Gf1f6,Gg5d8]}) 10... c6 (10... Nfxd5 11. Nxd5 (11. Nxf7 $5 Nxc3 12. bxc3 Rxf7
13. Rxf7 Kxf7 14. Bc4+ Be6 15. Qf1+ Bf6 16. Bxe6+ Kxe6 17. Qc4+ Kd7 18. Ba3 $40
) 11... Nxd5 (11... Bxe5 12. Bg5) 12. Nxf7 Rxf7 13. Rxf7 Kxf7 14. Bc4 $16) (
10... Nxe4 $5 11. Bxe4 Bxe5 12. Bf4 Bxf4 13. Rxf4 Nf5 {with slighty better
chanses fo white. Bisguier,A-Timman,J/Lone Pine op 1978}) 11. Bg5 cxd5 {
[%csl Rf6][%cal Gd8b6,Gb6f6]} 12. Bxf6 Qb6+ 13. Kh1 Bxf6 14. Nxd5 Nxd5 15. Nc4
$1 Qd8 16. exd5 b5 17. Nd2 $1 Rb8 18. Qf3 Bxb2 19. Rab1 Be5 20. Rxb5 Rxb5 21.
Bxb5 Qc7 22. c4 $1 Bxh2 23. Ne4 $16 {[%csl Gc4,Gd5][%cal Ge4f6] Dolmatov,
S-Kuzmin,G/Vilnius 1980}) 10. Nxe5 Nxd5 (10... Nxe4 $6 {leads to clear
advantage for white:} 11. Bxe4 Bxe5 12. Bf4 Bg7 (12... Bxf4 13. Rxf4 Nf5 14.
Bxf5 Bxf5 15. Qd4 $1 {[%cal Gc3e4]} Bxc2 16. Re1 $36 {Polgar,J-Stohl,I/Brno
1991}) 13. Qd2 Bd7 (13... Re8 14. Rae1 c6 15. Kh1 f5 16. Bd3 Rxe1 17. Rxe1 cxd5
18. Bg5 $32 {[%csl Gc3,Gd3,Ge1,Gg5][%cal Gc3d5]}) (13... Nf5 14. Rae1 Nd6 15.
Bd3 Bd7 16. Bh6 f5 17. Bxg7 Kxg7 18. Qf2 b6 19. Ne2 $14 {[%cal Gc2c4,Ge2d4] De
Firmian,N-Koch,W/Politiken Cup 1996}) 14. Rae1 Nf5 15. Bxf5 $1 Bxf5 16. Nb5 $36
{[%cal Gc2c4] De Firmian,N-Jonsson,B/Reykjavik 1998}) 11. Nxd5 (11. exd5 $5 {
This move seems to be more dangerous for black:} Bxe5 12. Bf4 Bg7 13. Qd2 c6
14. dxc6 (14. Bg5 $5) 14... Nxc6 (14... bxc6 $5) 15. Kh1 Ne5 16. Bh6 Nxd3 17.
Bxg7 Kxg7 18. cxd3 $14 {[%csl Rg7][%cal Gd3d4] Luther,T-Slobodjan,R/Hofmann
Cup Baden-Baden 1995}) 11... Bxe5 12. Bf4 Nc6 (12... Bxf4 $6 13. Rxf4 Qg5 14.
Qf1 {[%cal Gf1f2]} Be6 15. Qf2 $1 c5 16. Nf6+ Kg7 17. e5 $1 Qxe5 18. Re1 $40 {
Dolmatov,S-Kuzmin,G/Moscow-4teams 1981}) (12... Qd6 13. Qd2 f6 14. Bxe5 Qxe5
15. Qf4 $1 Qxf4 16. Rxf4 Kg7 17. Raf1 $16 {[%csl Rc7,Rf6][%cal Gd5f6,Gd5c7,
Gf1f6,Gf4f6] Ljubojevic,Ljubomir-Parma,Bruno/Jug-ch Vrbas 1982}) 13. Qd2 (13.
Qe1 Be6 14. Bxe5 Nxe5 15. Nf6+ Kg7 {and here the best is 16.Qc3!- see the text
in the game.}) (13. Bb5 Qd6 14. Qd2 f6 15. Bxc6 bxc6 16. Bxe5 Qxe5 17. Nc3 Ba6
$6 (17... Be6 $1 $11) 18. Rfd1 Rab8 19. Rab1 $14 {Lobzhanidze,D-Zakharevich,I/
Tula 1999}) 13... Be6 14. Bxe5 (14. Bh6 $5 Bg7 (14... Re8 $2 15. Bg5 $1 $16 {
[%cal Gd5f6]}) 15. Bxg7 Kxg7 16. Qc3+ f6 17. Ba6 $5 Rb8 18. Rad1 Bxd5 19. Rxd5
{[%cal Ga6b7]} Qe8 {[%csl Rc6][%cal Ge8c6]} 20. Rc5 $1 {[%csl Rc6][%cal Ga6b7,
Gc5c6]} Qxe4 21. Re1 Qh4 22. g3 Qg4 23. Bxb7 Rxb7 24. Rxc6 Qd7 $14 {And white
is slighty better, but it's very hard to win. Nevostrujev,V-Zakharevich,I/Orel
1992} 25. b3 (25. a3 $5)) 14... Nxe5 15. Nf6+ Kg7 16. Qc3 $1 {[%csl Re5][%cal
Gc3g7] This is the best place for queen.Now white is clear better. Other moves
cannot promise something for white:} (16. Qf4 $6 Qd4+ 17. Kh1 Rad8 18. Qh4 h6
19. Qg3 Rd6 20. Be2 Nd7 $1 $15 {Mednis,E-Kaiszauri,K/Reykjavik 1982}) (16. Qg5
$6 Ng4 $1 17. Nh5+ Kh8 18. Qxd8 Rfxd8 19. Nf4 Kg7 20. h3 Ne5 $14 {[%csl Rd3,
Ge5] Stambullan,A-Zakharevich,I/Chigorin mem op 2000}) 16... Qd6 17. Rad1 Rfd8
$146 (17... Rad8 $5 18. Kh1 $6 (18. Be2 $142) 18... Qd4 19. Qe1 Qxb2 20. Qh4 h6
21. Qg3 Nd7 $17 {Kokarev,D-Zakharevich,I/Moscow 1999}) 18. Be2 Qb6+ $8 19. Kh1
Rxd1 20. Nh5+ $1 (20. Rxd1 $6 Kxf6 21. Rf1+ Kg7 22. Qxe5+ Kg8 $15 {[%csl Re4]
[%cal Ga8d8]}) 20... Kg8 21. Rxd1 gxh5 22. Qxe5 Bg4 $14 23. Bf3 $1 (23. Bxg4
hxg4 24. Qg5+ Qg6 25. Qe7 (25. Qxg6+ hxg6 26. Rd7 Rc8 $2 (26... Re8 $1 27. Rxc7
Rxe4 28. g3 Re2 $11) 27. Kg1 Kf8 28. e5 Ke8 29. e6 $1 fxe6 30. Rg7 $16) 25...
Qe6 $1 26. Qxc7 (26. Qxe6 fxe6 27. Rd7 Rf8 $1 $11 {[%cal Gf8f7]}) 26... Qxe4
27. Rf1 Rf8 {And white is slighty better, but i don't believe that it's enouth
for win}) 23... Qf2 (23... f6 $6 24. Qg3 Kh8 25. b3 $16 {[%cal Ge4e5]}) 24.
Qg5+ $6 (24. Bxg4 $1 hxg4 25. Qxc7 Re8 26. Qd7 Kf8 27. Qd3 $16 {[%cal Gd1f1]})
24... Kf8 25. Qd2 {After this move black is O.K. But actually i don't see the
way for real advantage.For example:} (25. Bxg4 hxg4 26. Qe5 $1 Re8 27. Qh8+ Ke7
) 25... Qxd2 26. Rxd2 Ke7 27. h3 Bxf3 28. gxf3 Rg8 {[%cal Gg8g3]} 29. Kh2 h4 {
[%mdl 2048]} 1/2-1/2

[Event "UKR-ch"]
[Site "Ordzhonikidze"]
[Date "2001.09.13"]
[Round "6"]
[White "Maximov, Dmitry"]
[Black "Kazakov, Mikhail"]
[Result "1-0"]
[WhiteElo "2408"]
[BlackElo "2496"]
[Annotator "Roiz,M"]
[PlyCount "114"]
[EventDate "2001.09.08"]
[EventType "swiss"]
[EventRounds "9"]
[EventCountry "UKR"]
[SourceTitle "CBM 086"]
[Source "ChessBase"]
[SourceDate "2002.02.05"]
[SourceVersion "1"]
[SourceVersionDate "2002.02.05"]
[SourceQuality "1"]

1. e4 d6 2. d4 Nf6 3. Nc3 g6 4. f4 Bg7 5. Nf3 O-O 6. Bd3 Nc6 7. O-O Bg4 (7...
e5 8. fxe5 dxe5 9. d5 Ne7 {Is the main line.}) 8. Be3 (8. e5 {Is more common
here:} dxe5 (8... Nd7 9. Be3 dxe5 10. dxe5 f6 11. exf6 exf6 12. h3 Be6 13. Bb5
$1 Nb6 14. Qe2 Re8 15. Rad1 Qe7 16. Rfe1 $14 {Hector,Jonny-Ftacnik,Lubomir/
Haninge 1990}) 9. dxe5 Nd5 10. h3 (10. Nxd5 Qxd5 11. h3 Be6 (11... Bf5 $5 12.
Bxf5 Qxd1 13. Rxd1 gxf5 14. Rd7 Rac8 15. Be3 Rfd8 16. Rad1 Rxd7 17. Rxd7 e6 {
[%cal Gc6b8,Gg8f8,Gf8e8] And black is O.K}) 12. Qe1 Bf5 13. Bxf5 gxf5 14. Be3
f6 15. exf6 Bxf6 16. c3 {Leitao,Rafael-Vescovi,Glovani P/Paulisto-ch2 1999}) (
10. Qe1 {[%cal Ge1h4]} Ndb4 11. Be4 f5 12. Bxc6 (12. exf6 exf6 13. a3 f5 14.
axb4 fxe4 15. Qxe4 Re8 $44) 12... Nxc6 13. Be3 Bxf3 14. Rxf3 e6 $11 {
Ljubojevic,L-Timman,J/KRO m 1987}) 10... Nxc3 (10... Bxf3 $6 11. Qxf3 Nxc3 12.
bxc3 f6 (12... Na5 13. h4 $1 {[%csl Gd3,Ge5,Gf4,Rg7][%cal Gh4h5]} e6 14. h5 Qe7
15. Be3 $16 {Yegiazarian,Arsen-Nalbadian,Tigran/ARM-ch Yerevan 1994}) 13. Ba3
$1 fxe5 14. f5 $36 {[%csl Ga3,Gd3] Almasi,Z-Vadasz,L/HUN-chT 9394 1994}) 11.
bxc3 Bf5 12. Be3 (12. Qe2 Qd5 13. Be3 Qa5 {[%csl Rc3][%cal Ga5c3]} 14. Bxf5
gxf5 15. Qc4 {[%csl Gc4]} e6 16. Rab1 $14 {Yegiazarian,Arsen-Minasian,Artashes
ARM-ch Yerevan 1999}) 12... Qd7 13. Qe2 Rfd8 ({it was necessary to improve
white's pawn structure after} 13... Bxd3 $6 14. cxd3 b5 15. Rad1 f6 16. Bc5 Na5
17. d4 c6 18. exf6 Bxf6 19. Ne5 Qd5 20. Ng4 $16 {[%csl Gc5][%cal Gf4f5]
Balashov,Yuri S-Wedberg,Tom/Helsinki 1983}) 14. Rad1 Bxd3 $8 {Here this
exchage was made in better redaction for black.} 15. cxd3 b5 16. Bc5 e6 17. Ng5
b4 18. c4 Nd4 19. Qf2 a5 20. Ne4 $14 {[%csl Gc5,Ge5,Gf4,Rg7] Hellers,
Ferdinand-Ftachnik,Lubomir/Haninge 1989}) 8... e5 9. fxe5 {The main.} (9. dxe5
{cannot promise any advantage for white:} dxe5 10. h3 exf4 $1 11. Bc5 (11. Bxf4
Nh5 12. Bh2 Bxf3 13. Qxf3 Ne5 14. Qe2 c6 $15 {[%csl Rc3,Rd3,Ge5] Guliev,
L-Balashov,Yuri S/Moscow Alekhine op 1996}) 11... Bxf3 12. Qxf3 Ne5 13. Qxf4
Nh5 14. Qe3 Re8 $11 {Kaplanski-Paull/Landesliga 1999}) 9... dxe5 10. d5 Nd4 {
[%csl Gd4][%cal Gg4f3,Gf6h5]} 11. Be2 (11. Qd2 $6 Bxf3 12. gxf3 Nh5 $15 {
[%csl Gd4][%cal Gc7c6,Gf7f5]}) 11... Bxf3 (11... Nxe2+ $5 12. Qxe2 Ne8 {
[%cal Ge8d6]} 13. h3 Bd7 (13... Bxf3 14. Rxf3 Nd6 15. Raf1 {[%cal Gf1f7]} f5
16. Bc5 $14) 14. Nd2 {[%cal Gd2c4]} (14. Bg5 f6 15. Bh4 Qe7 16. Rae1 Qb4 17.
Qd3 Nd6 {[%cal Gb4c4]} 18. b3 Rae8 $15 {[%cal Gf6f5] Farkas-Vadasz/HUN-chT2
1993}) 14... Nd6 {[%cal Gf7f5] And black is O.K}) 12. Bxf3 c6 {This move was
played in several games before.} ({In my opinion} 12... Ne8 {[%cal Ge8d6]} 13.
Ne2 Nxf3+ 14. Rxf3 (14. gxf3 f5 15. c4 Nd6 16. Qd3 Qh4 {[%csl Re4][%cal Gh4e4,
Gf5e4]}) 14... Nd6 {[%cal Gf7f5] seems to be interesting alternative.}) 13. Kh1
{[%mdl 16]} (13. dxc6 $6 bxc6 {[%csl Gc6,Rd5][%cal Gc6d5]} 14. Qd2 Qb6 15. Na4
Qb5 16. b3 Rad8 $15 {[%csl Gd4][%cal Gd8d2]}) 13... Qa5 $6 {[%csl Rd5][%cal
Ga8d8,Gd8d5,Ga5d5] Black wants to create pressure on the d5 pawn. But it takes
too much time and white can create some pressure on black's position.} (13...
cxd5 {was enouth for equality:} 14. exd5 (14. Nxd5 Nxd5 15. exd5 f5 $11 {
[%cal Gd4f3,Ge5e4]}) 14... Ne8 {[%cal Ge8d6,Gf7f5]} 15. Bxd4 exd4 16. Ne2 {
And here black can choose between several equal continuations:} Qb6 $11 {
[%cal Ge8d6]} (16... Nc7 $5 {[%csl Rd5][%cal Gc7d5]}) ({and even:} 16... Nd6 $5
17. Nxd4 $140 Qh4 $1 {[%csl Rd4,Rh2][%cal Gh4d4,Gg7d4,Gg7e5,Ge5h2] with good
chanses})) 14. Bg5 Rad8 15. Be2 {[%csl Rf6][%cal Gf1f6,Gg5d8]} Rd6 16. Bd3 {
[%csl Gd4] The position is equal.} h6 (16... Re8 $5) 17. Bh4 Re8 18. Bxf6 $6 {
Strange move.The dark-square is very strong in this position.} ({After} 18. Qe1
$14 {white is clear better. For example:} cxd5 19. Bxf6 Bxf6 20. Nxd5 Qxe1 21.
Raxe1 Bg7 22. c3 {[%csl Gd5,Rf7][%cal Gd3c4,Gf1f7]}) (18. a3 $5 {Is also
interesting.}) 18... Bxf6 19. Qg4 {Now white hasn't any advantage.} Bg7 $11 20.
dxc6 bxc6 {[%csl Rd5][%cal Gc6d5]} 21. Bc4 {[%csl Rf7][%cal Gf1f7,Gc4f7]} Ne6
22. Bb3 Qd8 {[%cal Gd8g5] Black's queen have nothing to do on a5} 23. Rf2 (23.
Rad1 Rxd1 24. Rxd1 Qc7 $11) 23... h5 24. Qf3 {[%cal Gf2f7]} Re7 {[%cal Ge7d7]}
25. Raf1 {All the pieces of both sides are already in the best places.} Nf4 $2
{This move is just loss of time.} ({After} 25... Red7 {black haven't problems:}
26. Na4 Ng5 $1 27. Qe3 Rd1 28. Nc5 $6 (28. Nc3 $11) 28... Rxf1+ 29. Rxf1 Rd1)
26. g3 Nh3 {Now it's clear that knigh have nothing to do on-h3.} 27. Re2 (27.
Bxf7+ $2 Kh8 28. Re2 Ng5 $1 (28... Rf6 $2 29. Qg2 $16 {[%csl Rh3][%cal Gg2h3]})
29. Qf2 Rf6 $19) 27... Ng5 28. Qe3 Red7 29. Ref2 Ne6 30. Na4 $1 $16 {[%csl Rf7]
[%cal Ga4c5,Gf1f7,Gb3f7] After black's mistake white succeed to create an
unpleasant pressure on black's position.} Re7 {What else?} 31. Nc5 Qb6 (31...
Rd1 32. Bxe6 fxe6 33. c3 $16 {[%csl Rc6,Re5,Re6,Rg6]}) 32. Bxe6 Rdxe6 33. b4 $1
{[%csl Gc5][%cal Ge3b3] Great! White's Queen will be very active on b3.} Rd6
34. Qb3 {[%csl Gc5,Rc6,Rf7][%cal Gf1f7,Gb3f7]} Qc7 35. a4 {[%cal Ga4a5,Ga5a6]}
Bh6 36. Rf3 $1 {[%csl Re3][%cal Gf3e3]} Rd2 {Rook is not in place here.} (36...
Bg7 $142 {[%csl Rf6][%cal Gg7f6]}) 37. Rf6 {[%csl Rc6,Gf6,Rg6][%cal Gf6g6,
Gf6c6]} (37. Rd3 $142 {[%csl Re7,Gf1]}) 37... Rd6 38. R6f3 Kg7 39. Rd3 $1 {
Right! After the exchange rook on e7 will be very passive} Rd4 $2 $138 {
After this blunder the game is over.} (39... Bg5 $16) 40. Rxf7+ $1 $18 {
[%cal Gc5e6]} Kh8 41. Rf6 (41. Ne6 $18) 41... Kh7 42. Kg2 {[%csl Gc5] Black
doesn't have any counterplay due to the brilliant position of white's knight}
Bg7 43. Ne6 Qb7 44. Nxd4 Bxf6 45. Ne6 {[%cal Gd3d6]} Qc8 46. Rd6 {Full
domination!} h4 47. Qc4 {[%csl Rc6][%cal Gc4c6,Gd6c6]} Kh6 48. g4 Rf7 49. Qd3
Bg5 50. h3 Qb8 51. Nxg5 {white's knight made his job in this game!} Kxg5 52.
Qd2+ Rf4 53. Rxc6 Qb7 54. Qd8+ Kh6 55. Qh8+ Qh7 56. Qxe5 Qf7 57. Qh8+ Qh7 {
[%mdl 10240]} 1-0

[Event "Gibraltar Masters 13th"]
[Site "Caleta"]
[Date "2015.01.29"]
[Round "3"]
[White "Blomqvist, Erik"]
[Black "Jones, Gawain C B"]
[Result "1/2-1/2"]
[WhiteElo "2520"]
[BlackElo "2671"]
[Annotator "Schulz,Andre"]
[PlyCount "68"]
[EventDate "2015.01.27"]
[EventType "swiss"]
[EventRounds "10"]
[EventCountry "GGB"]
[SourceTitle "CBM 165"]
[Source "ChessBase"]
[SourceDate "2015.03.11"]
[SourceVersion "1"]
[SourceVersionDate "2015.03.11"]
[SourceQuality "1"]

1. e4 d6 2. d4 Nf6 3. Nc3 g6 4. f4 Bg7 5. Nf3 O-O 6. Bd3 Nc6 7. e5 dxe5 8. fxe5
Nh5 9. Be3 Bg4 10. Be2 f6 11. exf6 exf6 12. Qd3 (12. O-O Re8 13. Qd2 Ne7 14.
Bc4+ Kh8 15. Nh4 Nc6 16. Bf2 Ne5 17. Bd5 c6 18. h3 cxd5 19. dxe5 Be6 20. exf6
Nxf6 21. Bd4 Ne4 22. Bxg7+ Kxg7 23. Qd4+ Kg8 24. Nf3 Nxc3 25. Qxc3 Rc8 26. Qd2
Bf5 27. Nd4 Be4 28. c3 Qe7 29. Rf4 Rf8 30. Raf1 a6 31. h4 Rxf4 32. Qxf4 Kg7 33.
a4 a5 34. g4 h6 35. g5 hxg5 36. Qxg5 Re8 37. Kh2 Qd6+ 38. Qg3 Qe7 39. Qf4 Rh8
40. Kg3 Bd3 41. Rf3 Be4 42. Rf2 Re8 43. Qg5 Qd6+ 44. Qf4 Qe7 45. Qg5 {1/2-1/2 
(45) Karjakin,S (2777)-Jones,G (2664) Bilbao 2014}) 12... Re8 13. O-O-O Qe7 14.
Qc4+ (14. Bf2 Nf4 15. Qc4+ Kh8 16. Bf1 Bh6 17. Kb1 Rad8 18. h3 Be6 19. Qa4 Qd7
20. d5 Nxd5 21. Nxd5 Bxd5 22. Bc4 Qf7 23. Bd3 Be3 24. Bxe3 Rxe3 25. Rhf1 Qe7
26. Qh4 Bxf3 27. gxf3 f5 28. Qh6 Nb4 29. Bc4 Rxd1+ 30. Rxd1 Re1 31. Qd2 Rxd1+
32. Qxd1 c5 33. a3 Nc6 34. Qd5 Kg7 35. f4 a6 36. Bxa6 bxa6 {1/2-1/2 (36)
Linders,J-Bos,I Netherlands 1988}) 14... Kh8 15. Bd2 Qd6 16. d5 Bxf3 17. gxf3 (
17. Bxf3 Ne5 18. Qb3 $11) 17... Ne5 18. Qh4 Qc5 19. f4 Nc4 20. f5 Rxe2 21. Nxe2
Nxd2 22. fxg6 (22. Rxd2 Bh6 $11) 22... hxg6 23. Nf4 Bh6 24. Nxg6+ Kg7 25. Qxh5
Nc4+ 26. Kb1 Qb4 27. b3 Na3+ 28. Kb2 Nc4+ 29. Kb1 Qc3 30. bxc4 Qb4+ 31. Ka1 Bc1
{Noch ein kleiner Witz, der aber am Remis nichts ändert.} 32. Rxc1 Qc3+ 33.
Kb1 Qb4+ 34. Ka1 Qc3+ 1/2-1/2